000 01576nam0a2200325 4500
001 RU\NLR\BIBL_A\011866076
005 20250626142049.0
035 _a(NLR Aleph) 011866076
090 _a12179215
_c12179215
100 _a20181119d1905 |||y0rusy50 ca
101 0 _arus
102 _aRU
105 _ay|||z|||000zy
200 1 _aРаспространение и распространители толкового пчеловодства
_fСвящ. И. Жемчужин
210 _aСпб.
_cТипо-литография М.П. Фроловой
_d[1905]
215 _a11 с.
_d24
300 _aАвт. указан в конце текста
300 _a"Отдельный оттиск из Русского Пчеловодного Листка" №7-8, 1905 г."
309 _aБез тит. л. и обл.
320 _aБиблиогр. в подстроч. примеч.
488 0 _12001#$aРусский Пчеловодный Листок$h1905 г., №7-8
_1710#02^$a"Русский пчеловодный листок", журнал$cПетербург$3RU\NLR\AUTH\880487508
_tРусский Пчеловодный Листок
_a"Русский пчеловодный листок", журнал (Петербург)
606 1 _aПчеловодство
_yРоссия
_92387989
_3RU\NLR\AUTH\6601644854
686 1 _aП691(28)
700 1 _aЖемчужин
_bИ.
_gИван
852 _aNLR
_j34.50.3.1163
942 _cBOOK
980 _aNB